Welcome to CU Library Online Public Access Catalogue (OPAC)

LADY CHATTERLEY'S LOVER (Record no. 7595)

MARC details
000 -LEADER
fixed length control field 00362nam a22001337a 4500
005 - DATE AND TIME OF LATEST TRANSACTION
control field 20250919082902.0
008 - FIXED-LENGTH DATA ELEMENTS--GENERAL INFORMATION
fixed length control field 250919b |||||||| |||| 00| 0 eng d
050 ## - LIBRARY OF CONGRESS CALL NUMBER
Classification number PZ3
Item number .L434 LAW
100 ## - MAIN ENTRY--PERSONAL NAME
Personal name LAWRENCE D. H.
245 ## - TITLE STATEMENT
Title LADY CHATTERLEY'S LOVER
260 ## - PUBLICATION, DISTRIBUTION, ETC.
Place of publication, distribution, etc. KRISHAN NAGAR
Name of publisher, distributor, etc. A.I.T.B.S., PUBLISHERS AND DISTRIBUTORS
Date of publication, distribution, etc. 2005
300 ## - PHYSICAL DESCRIPTION
Extent 360P
942 ## - ADDED ENTRY ELEMENTS (KOHA)
Source of classification or shelving scheme Library of Congress Classification
Koha item type Books
Suppress in OPAC No
999 ## -
-- 7595
-- 7595
Holdings
Withdrawn status Lost status Source of classification or shelving scheme Damaged status Not for loan Collection Home library Current library Shelving location Date acquired Total checkouts Full call number Barcode Date last seen Copy number Price effective from Koha item type
    Library of Congress Classification     Fiction Undergraduate Library (Christ Temple) Undergraduate Library (Christ Temple) General stacks 09/19/2025   PZ3.I.434 LAW ulct00004847 09/19/2025 1 09/19/2025 Books
    Library of Congress Classification     Fiction Undergraduate Library (Christ Temple) Undergraduate Library (Christ Temple) General stacks 09/19/2025   PZ3.I.434 LAW ulct00004848 09/19/2025 2 09/19/2025 Books
    Library of Congress Classification     Fiction Undergraduate Library (Christ Temple) Undergraduate Library (Christ Temple) General stacks 09/19/2025   PZ3.I.434 LAW ulct00004849 09/19/2025 3 09/19/2025 Books
© 2023-2024 Copyright: Central University Libraries. All Rights Reserved | Created by: Mahone Tech Office